| 000 | 00613nam a22001935i 4500 | ||
|---|---|---|---|
| 001 | 102919 | ||
| 003 | ES-MaACL | ||
| 005 | 20230906183221.0 | ||
| 007 | t| | ||
| 008 | 950928s1856 fr ||||1| lat d | ||
| 040 |
_aCAM _bspa _cCAM |
||
| 100 | 1 |
_aEsquilo. _947970 |
|
| 245 | 1 | 0 |
_aAischylos kai Sophokles _b: = Aeschyli et Sophoclis: tragoediae et fragmenta: graece et latine cum indicibus. |
| 260 |
_aParisiis : _bAmbrosio Firmin Didot, _c1856. |
||
| 300 |
_a1 v. (pag. var.) ; _c26 cm. |
||
| 500 | _aTexto a dos columnas en griego y latín. | ||
| 700 | 0 |
_aSófocles. _9107023 |
|
| 852 |
_aES-MaACL _jB-2463 |
||
| 999 |
_c102919 _d102919 |
||